Buildings at risk (Record no. 120615)

MARC details
000 -LEADER
fixed length control field 01166cai a22001815a 4500
001 - CONTROL NUMBER
control field L139579
008 - FIXED-LENGTH DATA ELEMENTS--GENERAL INFORMATION
fixed length control field 070731e20070724xxkdo g s 000 0 eng d
035 ## - SYSTEM CONTROL NUMBER
System control number (Sirsi) u139579
041 0# - LANGUAGE CODE
Language code of text/sound track or separate title eng
110 2# - MAIN ENTRY--CORPORATE NAME
Corporate name or jurisdiction name as entry element English Heritage
9 (RLIN) 2714
245 00 - TITLE STATEMENT
Title Buildings at risk
Medium [electronic resource]
520 ## - SUMMARY, ETC.
Summary, etc. Lists information on all Scheduled Ancient Monuments, Grade I and Grade II* buildings which English Heritage considers to be at risk through neglect and decay. It also includes buildings thought to be vulnerable to becoming so. London's Grade II buildings are also included. As well as the ability to download the 2007 register and regional guides, the site includes a detailed search facility. Also includes statistics on general progress; details of recent successes in securing futures for buildings; a commentary on the register; and relevant links.
590 ## - LOCAL NOTE (RLIN)
Local note KA NTK
651 #4 - SUBJECT ADDED ENTRY--GEOGRAPHIC NAME
Geographic name England
Chronological subdivision 886-
690 ## - LOCAL SUBJECT ADDED ENTRY--TOPICAL TERM (OCLC, RLIN)
Topical term or geographic name as entry element BUILT ENVIRONMENT-BUILDING TYPES-ANCIENT MONUMENTS AND HISTORIC BUILDINGS-LISTED BUILDINGS
856 40 - ELECTRONIC LOCATION AND ACCESS
Uniform Resource Identifier <a href="https://www.english-heritage.org.uk/server/show/nav.1424">https://www.english-heritage.org.uk/server/show/nav.1424</a>
Public note View the website free of charge at www.english-heritage.org.uk...
942 ## - ADDED ENTRY ELEMENTS (KOHA)
Suppress in OPAC 0
Holdings
Withdrawn status Lost status Source of classification or shelving scheme Damaged status Not for loan Home library Current library Shelving location Date acquired Total Checkouts Full call number Barcode Date last seen Copy number Price effective from Koha item type
    Dewey Decimal Classification     Virtual Virtual Online 31/07/2007   ONLINE PUBLICATION 139579-1001 06/08/2019 1 06/08/2019 Online material